Expansió cultural del franciscanisme a Catalunya en la dècada 1926-1936 (Record no. 504813)
[ view plain ]
| 000 -CABECERA | |
|---|---|
| Campo de control de longitud fija | 00464nab a2200145Ia 4500 |
| 003 - IDENTIFICADOR DEL NÚMERO DE CONTROL | |
| Campo de control | ES-SlBCS |
| 005 - FECHA Y HORA DE LA ÚLTIMA TRANSACCIÓN | |
| Campo de control | 20210601123829.0 |
| 008 - CÓDIGOS DE INFORMACIÓN DE LONGITUD FIJA | |
| Campo de control de longitud fija | 140529s1985 xxu||||| |||| 00| 0 cat d |
| 041 ## - CÓDIGO DE LENGUA | |
| Código de lengua del texto/banda sonora o título independiente | cat |
| 100 1# - PUNTO DE ACCESO PRINCIPAL-NOMBRE DE PERSONA | |
| Nombre de persona | Rubí, Basili de |
| 9 (RLIN) | 130314 |
| 245 00 - MENCIÓN DE TÍTULO | |
| Título | Expansió cultural del franciscanisme a Catalunya en la dècada 1926-1936 |
| Mención de responsabilidad, etc. | Basili de Rubí |
| 650 04 - PUNTO DE ACCESO ADICIONAL DE MATERIA-TÉRMINO DE MATERIA | |
| Término de materia o nombre geográfico como elemento inicial | Franciscanismo |
| 9 (RLIN) | 130295 |
| 773 0# - ENLACE AL DOCUMENTO FUENTE | |
| Título | Estudios Franciscanos |
| Parte(s) relacionada(s) | vol. 86, 1985, págs. 603-660 |
| Número de control del registro relacionado | Rev191 |
| 942 ## - ENTRADA DE ELEMENTOS AGREGADOS (KOHA) | |
| Koha [por defecto] tipo de item | Artículos de revista |
| Suprimido | Perdido | Estropeado | No para préstamo | Localización permanente | Localización actual | Localización en estantería | Fecha adquisición | Préstamos totales | Fecha última consulta | Fecha del precio de reemplazo | Tipo de item de Koha |
|---|---|---|---|---|---|---|---|---|---|---|---|
| San Esteban | San Esteban | Depósito de revistas | 11/07/2014 | 11/07/2014 | 11/07/2014 | Artículos de revista |
